Statistics for Top 15 Most Popular Horse Breeds

Click here to take the quiz!

General Stats

  • This quiz has been taken 2,045 times
  • The average score is 5 of 15

Answer Stats

HintAnswer% Correct
1.Arabian
79%
5.Thoroughbred
74%
2.American Quarter Horse
67%
6.Appaloosa
47%
3.Paint
47%
9.Welsh Pony/Cob
44%
7.Morgan Horse
36%
8.Tennessee Walking Horse
30%
12.Friesian
25%
10.Andalusian
22%
4.Miniature Horse
17%
15.Icelandic Horse
16%
11.Missouri Fox Trotter
13%
14.Paso Fino
11%
13.Peruvian Paso
5%

Score Distribution

Percentile by Number Answered

Percent of People with Each Score

Your Score History

You have not taken this quiz